| 000 | 00448nam a2200193Ia 4500 | ||
|---|---|---|---|
| 008 | 210210b1913 xxu||||| |||| 00| 0 eng d | ||
| 041 | _aeng | ||
| 082 | _a884/52 | ||
| 100 | _aTILAKA SHIROMANI | ||
| 245 | _aValmiki rAmAyana II: AyOdhya KAnDa | ||
| 260 |
_aBombay _b- _c1913 |
||
| 650 | _aValmiki | ||
| 650 | _arAmAyana | ||
| 650 | _aKAnDa | ||
| 650 | _aII: | ||
| 650 | _aAyOdhya | ||
| 690 | _aSanskrit Purana & Smrithi | ||
| 906 | _a024460 | ||
| 999 |
_c149950 _d149950 |
||